| 000 | 00650cam a22002173a 4500 | ||
|---|---|---|---|
| 001 | 46021 | ||
| 003 | PGUSA | ||
| 005 | 20140828084057.0 | ||
| 008 | 140618s2014||||xxu|||||s|||||000 | eng d | ||
| 040 |
_aPGUSA _beng |
||
| 042 | _adc | ||
| 100 | 1 |
_aGoethe, Johann Wolfgang von, _d1749-1832 |
|
| 245 | 1 | 0 |
_aGoethes Briefe an Leipziger Freunde _h[electronic resource] / _cJohann Wolfgang von Goethe |
| 260 |
_bProject Gutenberg, _c2014 |
||
| 506 | _aPublic domain in the USA. | ||
| 516 | _aElectronic text | ||
| 700 | 1 |
_aJahn, Otto, _d1813-1869 |
|
| 830 | 0 |
_aProject Gutenberg _v46021 |
|
| 856 | 4 | 0 | _uhttp://www.gutenberg.org/ebooks/46021 |
| 942 | _cEB | ||
| 999 |
_c275270 _d275270 |
||